Sports Quiz

Random Sports or Baseball Quiz

MLB Leading the Pack (K's) Quiz Stats

 Plays Quiz Updated Oct 1, 2017

Challenge
Share
Tweet
Embed
Score 0/105 Timer 10:00
0 Plays Today
Difference (year) Player % Correct
+81 Strikeouts (1993)Randy Johnson
94.5%
+79 Strikeouts (2001)Randy Johnson
94.5%
+63 Strikeouts (2000)Randy Johnson
94.5%
+58 Strikeouts (1995)Randy Johnson
94.5%
+51 Strikeouts (1999)Randy Johnson
94.5%
+29 Strikeouts (1998)Randy Johnson
94.5%
+125 Strikeouts (1973)Nolan Ryan
94.2%
+118 Strikeouts (1974)Nolan Ryan
94.2%
+90 Strikeouts (1979)Nolan Ryan
94.2%
+86 Strikeouts (1980)Nolan Ryan
94.2%
+79 Strikeouts (1977)Nolan Ryan
94.2%
+66 Strikeouts (1989)Nolan Ryan
94.2%
+66 Strikeouts (1976)Nolan Ryan
94.2%
+43 Strikeouts (1978)Nolan Ryan
94.2%
+104 Strikeouts (1924)Walter Johnson
94%
+75 Strikeouts (1913)Walter Johnson
94%
+55 Strikeouts (1910)Walter Johnson
94%
+46 Strikeouts (1916)Walter Johnson
94%
+45 Strikeouts (1912)Walter Johnson
94%
+65 Strikeouts (1966)Sandy Koufax
81.2%
+57 Strikeouts (1965)Sandy Koufax
81.2%
+48 Strikeouts (1961)Sandy Koufax
81.2%
+41 Strikeouts (1963)Sandy Koufax
81.2%
+63 Strikeouts (2000)Pedro Martinez
78.4%
+51 Strikeouts (1999)Pedro Martinez
78.4%
+56 Strikeouts (1988)Roger Clemens
77%
+79 Strikeouts (2001)Curt Schilling
75%
+29 Strikeouts (1998)Curt Schilling
75%
+30 Strikeouts (2016)Justin Verlander
74.1%
+30 Strikeouts (2016)Max Scherzer
73.2%
+54 Strikeouts (1985)Dwight Gooden
71.2%
+36 Strikeouts (1984)Dwight Gooden
71.2%
+86 Strikeouts (1980)Steve Carlton
68.5%
+33 Strikeouts (1983)Steve Carlton
68.5%
+77 Strikeouts (1905)Cy Young
65.7%
Difference (year) Player % Correct
+29 Strikeouts (2006)Johan Santana
65.2%
+97 Strikeouts (1940)Bob Feller
63.5%
+73 Strikeouts (1946)Bob Feller
63.5%
+58 Strikeouts (1941)Bob Feller
63.5%
+54 Strikeouts (1939)Bob Feller
63.5%
+45 Strikeouts (1960)Don Drysdale
58.7%
+33 Strikeouts (1959)Don Drysdale
58.7%
+37 Strikeouts (2013)Max Scherzer
55.1%
+125 Strikeouts (1973)Bert Blyleven
52.3%
+118 Strikeouts (1974)Bert Blyleven
52.3%
+35 Strikeouts (1903)Christy Mathewson
47%
+61 Strikeouts (1986)Mike Scott
46.9%
+79 Strikeouts (1977)Phil Niekro
44%
+37 Strikeouts (2013)Yu Darvish
43.8%
+36 Strikeouts (1984)Fernando Valenzuela
41.5%
+90 Strikeouts (1979)J.R. Richard
40.9%
+43 Strikeouts (1978)J.R. Richard
40.9%
+43 Strikeouts (1936)Dizzy Dean
38.8%
+36 Strikeouts (1933)Dizzy Dean
38.8%
+35 Strikeouts (1926)Lefty Grove
38.1%
+40 Strikeouts (1920)Pete Alexander
35.4%
+81 Strikeouts (1993)Jose Rijo
32.2%
+66 Strikeouts (1989)Mark Langston
31.7%
+61 Strikeouts (1986)Mark Langston
31.7%
+56 Strikeouts (1988)Mark Langston
31.7%
+40 Strikeouts (2017)Chris Sale
31.7%
+36 Strikeouts (1933)Lefty Gomez
28.2%
+73 Strikeouts (1946)Hal Newhouser
26.1%
+64 Strikeouts (1945)Hal Newhouser
26.1%
+58 Strikeouts (1995)Hideo Nomo
24.3%
+66 Strikeouts (1976)Frank Tanana
23.2%
+65 Strikeouts (1966)Jim Bunning
22.8%
+45 Strikeouts (1960)Jim Bunning
22.8%
+57 Strikeouts (1965)Sam McDowell
21.3%
+46 Strikeouts (1958)Sam Jones
21.1%
Difference (year) Player % Correct
+33 Strikeouts (1959)Sam Jones
21.1%
+29 Strikeouts (2006)Aaron Harang
21%
+45 Strikeouts (1912)Smoky Joe Wood
20%
+54 Strikeouts (1985)Mario Soto
19.9%
+33 Strikeouts (1983)Mario Soto
19.9%
+46 Strikeouts (1958)Early Wynn
19.8%
+104 Strikeouts (1924)Dazzy Vance
18.9%
+81 Strikeouts (1925)Dazzy Vance
18.9%
+46 Strikeouts (1923)Dazzy Vance
18.9%
+110 Strikeouts (1904)Rube Waddell
18%
+77 Strikeouts (1905)Rube Waddell
18%
+35 Strikeouts (1903)Rube Waddell
18%
+77 Strikeouts (1905)Eddie Plank
15.9%
+40 Strikeouts (2017)Max Scherzer
13.6%
+110 Strikeouts (1904)Jack Chesbro
13.2%
+71 Strikeouts (1956)Herb Score
12.7%
+35 Strikeouts (1955)Herb Score
12.7%
+55 Strikeouts (1910)Ed Walsh
11.6%
+58 Strikeouts (1941)Johnny Vander Meer
10.1%
+34 Strikeouts (1942)Johnny Vander Meer
10.1%
+71 Strikeouts (1956)Billy Pierce
8.9%
+41 Strikeouts (1963)Jim Maloney
7.8%
+48 Strikeouts (1961)Camilo Pascual
6.3%
+34 Strikeouts (1942)Mort Cooper
6.3%
+35 Strikeouts (1955)Bob Turley
6.2%
+97 Strikeouts (1940)Bobo Newsom
5.2%
+54 Strikeouts (1939)Bobo Newsom
5.2%
+40 Strikeouts (1920)Stan Coveleski
4.9%
+81 Strikeouts (1925)Dolf Luque
3.5%
+46 Strikeouts (1923)Dolf Luque
3.5%
+64 Strikeouts (1945)Preacher Roe
3.4%
+43 Strikeouts (1936)Van Mungo
2.1%
+46 Strikeouts (1916)Elmer Myers
1.6%
+35 Strikeouts (1926)George Uhle
1.5%
+75 Strikeouts (1913)Tom Seaton
0.9%

You're not logged in!

Compare scores with friends on all Sporcle quizzes.
OR
Log In

You Might Also Like...

Show Comments

Extras

Top Quizzes Today


Score Distribution

Your Account Isn't Verified!

In order to create a playlist on Sporcle, you need to verify the email address you used during registration. Go to your Sporcle Settings to finish the process.

Report this User

Report this user for behavior that violates our Community Guidelines.

Details: